000 00441nam a2200157 i 4500
001 44691
003 ES-MaACL
005 20230906161058.0
007 t|
008 030324s1919 fr ||||1| fre d
100 1 _aClaude, Georges.
_939077
245 1 2 _aL'electricité a la portée de tout le monde /
_cpar Georges Claude.
260 _aParis :
_bTours,
_c1919 (
_fDeslis Frères)
300 _a520 p. ;
_c24 cm.
852 _aES-MaACL
_jF-156
999 _c44691
_d44691